000 01132nam a22002537a 4500
999 _c18956
_d18956
003 AR-CdUCM
008 190516b ||||| |||| 00| 0 spa d
040 _aMUNICIPALIDAD PROVINCIAL DEL CUSCO
_cBIBLIOTECA MUNICIPAL DEL CUSCO
082 _a370.82 /
_bSA18
100 _aSalinas García, Telmo
_939902
245 _aPáginas de nuestra historia /
260 _aLima :
_bMinisterio de Educación Pública,
_c1961.
300 _a59 páginas ;
_bilustraciones,
_c25.5 cm.
440 _aBiblioteca Básica Peruana.
_n2
_939903
500 _av.2: Colección Historia y leyenda.
_aDespués del titulo, Los frutos del saber son para el hombre.
505 _aContenido: v.2: El hombre salvaje se convierte en civilizado -- Los grandes dominadores de la tierra -- Pachacutéc en Inca que marcó época -- La sangrienta tarde de Cajamarca -- ¿Que cosa nos vino de España? ...
650 _aPerú
_935
650 _aHistoria
_9136
650 _aPachacutéc
_98675
700 _aFujita, Ricardo (ilustraciones)
_939904
710 _aMinisterio de Educación Pública - Perú.
_937907
942 _2ddc
_cLIBROS
945 _aachl
_d2019-05-16